Los pajes del rey (Record no. 157122)

MARC details
000 -LEADER
campo de control de longitud fija 00971nam a22002055i 4500
001 - NÚMERO DE CONTROL
campo de control 157122
003 - IDENTIFICADOR DE NÚMERO DE CONTROL
campo de control ES-MaACL
005 - FECHA Y HORA DE LA ÚLTIMA TRANSACCIÓN
campo de control 20250824063053.0
008 - DATOS DE LONGITUD FIJA--INFORMACIÓN GENERAL
campo de control de longitud fija 000120s1876 sp |||| | spa d
040 ## - FUENTE DE CATALOGACIÓN
Centro catalogador/agencia de origen CAM
Lengua de catalogación spa
Centro/agencia transcriptor CAM
100 1# - ENTRADA PRINCIPAL--NOMBRE DE PERSONA
Nombre de persona Larra y Wetoret, Luis Mariano de,
Fechas asociadas al nombre 1830-1901
9 (RLIN) 70289
245 14 - MENCIÓN DEL TÍTULO
Título Los pajes del rey
Resto del título : zarzuela en dos actos y en verso /
Mención de responsabilidad, etc. letra de Luis Mariano de Larra ; música del maestro Oudrid.
260 ## - PUBLICACIÓN, DISTRIBUCIÓN, ETC.
Lugar de publicación, distribución, etc. Madrid :
Nombre del editor, distribuidor, etc. [s.n.],
Fecha de publicación, distribución, etc. 1876 (
Fabricante Imprenta de José Rodriguez)
300 ## - DESCRIPCIÓN FÍSICA
Extensión 64 p. ;
Dimensiones 19 cm.
500 ## - NOTA GENERAL
Nota general En port.: Representada en el Teatro de la Zarzuela el día 20 de octubre de 1876.
500 ## - NOTA GENERAL
Nota general Solo la letra.
700 0# - ENTRADA AGREGADA--NOMBRE PERSONAL
Nombre de persona Oudrid, Cristóbal.
9 (RLIN) 87969
852 ## - LOCALIZACIÓN
Ubicación ES-MaACL
Número de control de estantería F-8608(10)
Nota libre -- Enc. pasta española
condición física -- Falto de la cub. original
Nota libre -- Enc. en un vol. facticio formando parte de la col. facticia "Teatro español moderno", vol. 63
-- .- Firma ms. de Gustavo Saenz Diez, 1877
Holdings
Estatus retirado Estado de pérdida Estado de daño No para préstamo Colección Biblioteca de origen Biblioteca actual Ubicación en estantería Fecha de adquisición Total de préstamos Signatura topográfica completa Código de barras Visto por última vez Precio de reemplazo Tipo de ítem Koha
        Libros del s. XIX Biblioteca del Ateneo de Madrid Biblioteca del Ateneo de Madrid Sala Pecera Planta 2 17/01/2008   F-8608(10) 1164397 23/02/2023 23/02/2023 Libro impreso antiguo